BIBLIOTECA

SENCICO

Organización y métodos funcionales de la moderna empresa constructora (Registro nro. 1595)

Detalles MARC
000 -LEADER
fixed length control field 00967nam a2200241Ia 4500
005 - DATE AND TIME OF LATEST TRANSACTION
control field 20251020182516.0
008 - FIXED-LENGTH DATA ELEMENTS--GENERAL INFORMATION
fixed length control field 200515s9999 xx 000 0 und d
020 ## - INTERNATIONAL STANDARD BOOK NUMBER
International Standard Book Number 84-7146-117-X
082 ## - DEWEY DECIMAL CLASSIFICATION NUMBER
Classification number 658:69/S21
100 ## - MAIN ENTRY--PERSONAL NAME
Personal name Sánchez, Manuel
245 #0 - TITLE STATEMENT
Title Organización y métodos funcionales de la moderna empresa constructora
260 ## - PUBLICATION, DISTRIBUTION, ETC.
Place of publication, distribution, etc. Barcelona
260 ## - PUBLICATION, DISTRIBUTION, ETC.
Name of publisher, distributor, etc. Editores Técnicos Asociados
260 ## - PUBLICATION, DISTRIBUTION, ETC.
Date of publication, distribution, etc. 1973
300 ## - PHYSICAL DESCRIPTION
Other physical details il.; tbls.
500 ## - GENERAL NOTE
General note la licitación y contratación de obras, la concurrencia, estudio económico de los proyectos, adjudicación de las obras entre otros temas. Todo orientado a una aplicación efectiva y sistemática, dentro del mecanismo funcional de las empresas
520 ## - SUMMARY, ETC.
Summary, etc. Trata temas variados como: el estudio de la estructuración y el funcionamiento general de las empresas
650 ## - SUBJECT ADDED ENTRY--TOPICAL TERM
Topical term or geographic name entry element ADMINISTRACION DE EMPRESAS
650 ## - SUBJECT ADDED ENTRY--TOPICAL TERM
Topical term or geographic name entry element EMPRESAS CONSTRUCTORAS
650 ## - SUBJECT ADDED ENTRY--TOPICAL TERM
Topical term or geographic name entry element ORGANIZACION
942 ## - ADDED ENTRY ELEMENTS (KOHA)
Koha item type Libros
Existencias
Fecha de la última vez que lo usaron Pago total Signatura topográfica completa Código de barras Precio efectivo desde Tipo de documento Estado perdido Estado dañado No es para préstamo Retirado Ubicación permanente Ubicación actual Fecha de adquisición
15/05/2020   658:69/S21 Bib-Lima15051595 15/05/2020 Libros         Biblioteca Central Lima Biblioteca Central Lima 15/05/2020